Biblia comentada (Record no. 171262)
[ view plain ]
| 000 -LEADER | |
|---|---|
| campo de control de longitud fija | 00814nam a2200229 i 4500 |
| 001 - NÚMERO DE CONTROL | |
| campo de control | 171262 |
| 003 - IDENTIFICADOR DE NÚMERO DE CONTROL | |
| campo de control | ES-MaACL |
| 005 - FECHA Y HORA DE LA ÚLTIMA TRANSACCIÓN | |
| campo de control | 20250808062758.0 |
| 008 - DATOS DE LONGITUD FIJA--INFORMACIÓN GENERAL | |
| campo de control de longitud fija | 090507s1964 sp |||| | spa d |
| 017 ## - NÚMERO DE COPYRIGHT O DE DEPÓSITO LEGAL | |
| Número de copyright o de depósito legal | M 8061-1961 |
| 130 #0 - ENTRADA PRINCIPAL--TÍTULO UNIFORME | |
| Título uniforme | Biblia. |
| Nombre de parte o sección de la obra | N.T. |
| -- | Evangelios. |
| Lenguaje de la obra | Español. |
| 9 (RLIN) | 119305 |
| 245 10 - MENCIÓN DEL TÍTULO | |
| Título | Biblia comentada |
| Resto del título | : texto de la Nácar-Colunga. |
| Número de parte o sección de la obra | V, |
| Nombre de parte o sección de la obra | Evangelios / |
| Mención de responsabilidad, etc. | por Manuel de Tuya. |
| 260 ## - PUBLICACIÓN, DISTRIBUCIÓN, ETC. | |
| Lugar de publicación, distribución, etc. | Madrid : |
| Nombre del editor, distribuidor, etc. | La Editorial Católica, |
| Fecha de publicación, distribución, etc. | 1964. |
| 300 ## - DESCRIPCIÓN FÍSICA | |
| Extensión | VIII, 1329 p. ; |
| Dimensiones | 20 cm. |
| 490 1# - MENCIÓN DE SERIE | |
| Mención de serie | Biblioteca de autores cristianos ; |
| Designación de volumen o secuencia | 239 |
| 594 ## - Nota al título y mención de responsabilidad | |
| Nota al título y mención de responsabilidad | Precede al tít. : Profesores de Salamanca. |
| 594 ## - Nota al título y mención de responsabilidad | |
| Nota al título y mención de responsabilidad | En la port. : II Evangelios. |
| 700 0# - ENTRADA AGREGADA--NOMBRE PERSONAL | |
| Nombre de persona | Tuya, Manuel de. |
| 9 (RLIN) | 111788 |
| 830 00 - PUNTO DE ACCESO ADICIONAL DE SERIE-TÍTULO UNIFORME | |
| Título uniforme | Biblioteca de autores cristianos |
| Designación de volumen o secuencia | 239 |
| 9 (RLIN) | 178679 |
| 852 ## - LOCALIZACIÓN | |
| Ubicación | ES-MaACL |
| Número de control de estantería | J-234 |
| itemnumber | R.46092 |
| Estatus retirado | Estado de pérdida | Estado de daño | No para préstamo | Biblioteca de origen | Biblioteca actual | Ubicación en estantería | Fecha de adquisición | Fuente de adquisición | Total de préstamos | Signatura topográfica completa | Código de barras | Visto por última vez | Precio de reemplazo | Tipo de ítem Koha |
|---|---|---|---|---|---|---|---|---|---|---|---|---|---|---|
| Biblioteca del Ateneo de Madrid | Biblioteca del Ateneo de Madrid | Depósito 2 | 07/05/2009 | J-234 | 1179729 | 23/02/2023 | 23/02/2023 | Libro impreso |
